[Event "Zuerich op-B 40th"]
[Site "Zuerich"]
[Date "2016.12.29"]
[Round "5"]
[White "Klaiber, Eduard"]
[Black "Juchler, Celine"]
[Result "1-0"]
[WhiteElo "1869"]
[BlackElo "1687"]
[PlyCount "43"]
[EventDate "2016.12.26"]
[EventType "swiss"]
[EventRounds "7"]
[EventCountry "SUI"]
[SourceTitle "EXT 2019"]
[Source "ChessBase"]
[SourceDate "2018.10.10"]
[SourceVersion "1"]
[SourceVersionDate "2018.10.10"]
[SourceQuality "1"]

1. d4 e6 2. c4 d5 3. Nc3 Nf6 4. Nf3 Nbd7 5. Bg5 c6 6. e3 Bd6 7. Bd3 h6 8. Bh4 0-0 9. 0-0 dxc4 10. Bxc4 Qc7 11. Rc1 Nd5 12. Bd3 N7f6 13. Nb5 Qb8 14. Nxd6 Qxd6 15. e4 Qb4 16. exd5 exd5 17. Bxf6 gxf6 18. Nh4 Qd6 19. Qh5 Qf4 20. Ng6 Bg4 21. Nxf4 Bxh5 22. Nxh5 1-0

[Event "Zuerich op-B 40th"]
[Site "Zuerich"]
[Date "2016.12.27"]
[Round "3"]
[White "Wegelin, Reinhard"]
[Black "Juchler, Celine"]
[Result "1-0"]
[WhiteElo "1838"]
[BlackElo "1687"]
[PlyCount "35"]
[EventDate "2016.12.26"]
[EventType "swiss"]
[EventRounds "7"]
[EventCountry "SUI"]
[SourceTitle "EXT 2019"]
[Source "ChessBase"]
[SourceDate "2018.10.10"]
[SourceVersion "1"]
[SourceVersionDate "2018.10.10"]
[SourceQuality "1"]

1. d4 e6 2. e4 d5 3. Be3 dxe4 4. Nd2 Nf6 5. f3 Nbd7 6. fxe4 c5 7. c3 b6 8. Ngf3 Bb7 9. Bd3 cxd4 10. cxd4 Bb4 11. 0-0 0-0 12. e5 Nd5 13. Bxh7+ Kh8 14. Ng5 g6 15. Bxg6 fxg6 16. Qg4 Rxf1+ 17. Rxf1 Qg8 18. Qh3+ 1-0